00545nam a22001697a 450000500170000001000150001702000250003203500130005703700130007008200100008310000160009324500910010924600570020026000350025727000610029230000220035320141121123838.0 aENG-111120 c75.00a9789350832790 aEN-94652 bDBAD/PUB a179.6 aSaran, Renu a51 children winners of National Bravery aAward :cby Renu Saranbon the republic day / aFifty one children winners of national bravery award aNew DelhibDiamond Booksc2013 bNew Delhie110020aX-30, Okhla Industrial Area, Phase-II a118p. c22cm(pbk)